LEADER 01354nam a2200289 u 4500 001 000000000928 003 CaOOAMICUS 005 20070226104245.0 008 940513s1985 it a u000 u ita u 020 $a8830700525 035 $a10020054 040 $aPUL(R)$bita 100 1 $aPierli, Francesco,$cM.C.C.I.$0(OLS)http://pul/name/1050 245 13$aIl Cuore trafitto del Buon Pastore :$bil Cuore di Gesù Cristo nell'esperienza spirituale del Comboni e dei missionari comboniani: memoria, tradizione, attualizzazione /$cFrancesco Pierli. 260 $aBologna :$bE.M.I.,$c1985. 300 $a119 p. :$bill. : ;$c21 cm 500 $aContiene indice. 504 $aBibliografia: p. 111-119. 610 24$aComboniani$xStoria.$0(OLS)http://pul/subject/1043 650 4$aSacro Cuore.$0(OLS)http://pul/subject/12712 850 $aPUL 852 $aPUL$W1$xSL Religione 1$y3$m65 F 19$j1201$n $b $qStampati$B1201$CPULBib$Z2$F1201 $H $81 941 1 $a8 961 $aINV: 53984 996 $6020$a8830700525$9(OLS)http://pul/number/1275 996 $6245$aIl Cuore trafitto del Buon Pastore :$bil Cuore di Gesù Cristo nell'esperienza spirituale del Comboni e dei missionari comboniani: memoria, tradizione, attualizzazione$9(OLS)http://pul/title/1363 996 $6260$aBologna :$bE.M.I.$9(OLS)http://pul/publisher/48426 LEADER 01128nam a2200265 u 4500 001 000000011097 003 CaOOAMICUS 005 20070226105405.0 008 940516s1970 be u000 u fre u 035 $a10273684 040 $aPUL$bita 100 1 $aLiébaert, Jacques.$0(OLS)http://pul/name/8914 245 14$aLes enseignements moraux des Pères apostoliques /$cJacques Liébaert. 260 $aGembloux :$bJ. Duculot,$cc1970. 300 $axiii, 294 p. ;$c24 cm 490 1 $aRecherches et synthèses.$aSection de morale ;$v4 650 4$aPadri apostolici.$0(OLS)http://pul/subject/4455 650 4$aTeologia morale$xStoria.$0(OLS)http://pul/subject/8594 830 0$aRecherches et synthèses.$pSection de morale ;$v4.$0(OLS)http://pul/title/16132 850 $aPUL 852 $aPUL$W1$xSL Religione 1$y3$m24 A 21$j15713$nBK-PRI$b $qStampati$B15713$CPULBib$Z2$F15713 $H $81 941 1 $a8 961 $aINV: 38417 996 $6245$aLes enseignements moraux des Pères apostoliques$9(OLS)http://pul/title/16131 996 $6260$aGembloux :$bJ. Duculot$9(OLS)http://pul/publisher/48451